Nuevas reflexiones acerca de las organizaciones de negocios : el éxito basado en la integridad de las personas /

Guardat en:
Dades bibliogràfiques
Autor principal: Solomon, Robert C. (autor)
Format: Llibre
Idioma:espanyol
Publicat: México : Oxford University, 2000, c2000
Matèries:
Etiquetes: Afegir etiqueta
Sense etiquetes, Sigues el primer a etiquetar aquest registre!

MARC

LEADER 00000nam^a2200000^a^4500
001 000177915
005 20250521000000.0
005 20250521000000.0
009 20260310101731.982
020 |a 970-613-510-3 
037 |a Acervo ITESO - Biblioteca 
041 |a ESP 
082 |a 174. 4  |b SOL 
100 |a Solomon, Robert C.  |e (autor) 
245 1 0 |a Nuevas reflexiones acerca de las organizaciones de negocios :  |b el éxito basado en la integridad de las personas /  |c R.C. Solomon ; tr. por María del Pilar Carril Villarreal. 
264 4 |a México :  |b Oxford University,  |c 2000, c2000 
300 |a XXIV, 129 p. 
336 |a texto  |b txt  |2 rdacontenido 
337 |a sin mediación  |b n  |2 rdamedio 
338 |a volumen  |b nc  |2 rdasoporte 
500 |a Traducción de: A Better Way to Think About Business. How Personal Integrity Leads to Corporate Success 
649 |a XX 
650 |a Valores 
650 |a Administración 
650 |a Comunicación Personal 
650 |a Etica en los Negocios 
650 |a Filosofía Empresarial 
650 |a Proceso Administrativo -  |x Dirección 
650 |a Ciencias Administrativas 
650 |a Relaciones Laborales 
650 |a Axiología 
650 |a Exito Administrativo 
910 |a Fondo General 
920 |a Impresos - Libros 
930 |a Colección General 
905 |a 101 
901 |a 0500116845  |b IT1  |c ACC  |u 20250521 
902 |a https://opac.biblio.iteso.mx/vufind/Record/000177915